[Event "Kalamazoo (MI Am/3/16)"]
[Site "?"]
[Date "1997.??.??"]
[Round "?"]
[White "Saenz, Scott"]
[Black "Munger, Larry"]
[Result "1-0"]
[WhiteElo "1605"]
[BlackElo "1680"]
[PlyCount "122"]
[EventDate "1997.??.??"]

{3/(16)} 1. d4 Nf6 2. c4 g6 3. Nc3 Bg7 4. Bf4 c5 5. e3 cxd4 6. exd4 d5 7. Nb5
Na6 8. c5 O-O 9. Nf3 Bd7 10. Nc3 Nc7 11. Be2 Ne6 12. Be5 Nc7 13. O-O e6 14. b4
Nce8 15. Qb3 Nh5 16. Bxg7 Nexg7 17. Ne5 Nf5 18. Bxh5 gxh5 19. Qd1 h4 20. Qg4+
Kh8 21. a4 Qe7 22. Rad1 Rg8 23. Qh5 Be8 24. Nxd5 exd5 25. Qxf5 f6 26. Ng4 Rg6
27. Qh5 Qg7 28. h3 Bd7 29. Qxh4 Bxg4 30. hxg4 Rxg4 31. Qh3 Rg8 32. g3 Qg5 33.
Kg2 Rh4 34. Qe6 Rg4 35. Rd3 Re4 36. Qh3 f5 37. Rh1 Rg7 38. Qh5 f4 39. Qxg5 Rxg5
40. Kf3 fxg3 41. fxg3 Rf5+ 42. Kg2 Re2+ 43. Kg1 Kg7 44. Rc3 Rd2 45. Rh4 Rb2 46.
b5 Rf7 47. Rh5 Re7 48. Rc1 Re3 49. Rh2 Rxg3+ 50. Kh1 Rbb3 51. Rg2 Kf6 52. Rxg3
Rxg3 53. c6 bxc6 54. Rxc6+ Kf5 55. Ra6 Ke4 56. Rxa7 Kxd4 57. b6 Rb3 58. b7 Kc5
59. a5 Kc6 60. a6 d4 61. Ra8 d3 1-0

[Event "Lansing (MOR/4/20)"]
[Site "?"]
[Date "1997.??.??"]
[Round "?"]
[White "Saenz, Scott"]
[Black "Morian, William"]
[Result "1/2-1/2"]
[WhiteElo "1605"]
[BlackElo "1605"]
[PlyCount "67"]
[EventDate "1997.??.??"]

{4/(20)} 1. d4 Nf6 2. c4 e6 3. Nc3 Bb4 4. Qc2 d5 5. Bg5 O-O 6. cxd5 exd5 7. e3
c6 8. Bd3 h6 9. Bxf6 Qxf6 10. Nf3 Bd6 11. O-O-O Bg4 12. Be2 Bf5 13. e4 dxe4 14.
Nxe4 Bxe4 15. Qxe4 Qf4+ 16. Nd2 Qxe4 17. Nxe4 Bf4+ 18. Kc2 Re8 19. Kd3 Nd7 20.
g3 Bc7 21. Bg4 Nb6 22. Nc5 Rab8 23. Rhe1 Rxe1 24. Rxe1 Kf8 25. a4 a5 26. b3 Bd6
27. Nd7+ Nxd7 28. Bxd7 Rd8 29. Bh3 Bb8 30. f4 Ba7 31. Re4 c5 32. Bg2 cxd4 33.
Re5 b6 34. Rd5 1/2-1/2

[Event "Lansing (MOR/3/24)"]
[Site "?"]
[Date "1997.??.??"]
[Round "?"]
[White "Saenz, Scott"]
[Black "Imai, Toshio"]
[Result "1-0"]
[WhiteElo "1605"]
[BlackElo "1605"]
[PlyCount "91"]
[EventDate "1997.??.??"]

{3/(24)} 1. d4 c5 2. d5 e5 3. c4 d6 4. Nc3 Nf6 5. e4 Bg4 6. Be2 Bxe2 7. Ngxe2
Nbd7 8. O-O Be7 9. f4 a6 10. fxe5 Nxe5 11. Qa4+ Nfd7 12. Qb3 Nb6 13. Ng3 O-O
14. Nf5 Bf6 15. Ne3 Bg5 16. Ncd1 Rb8 17. Qc2 Bf6 18. Rb1 Nbd7 19. Nf5 Nb6 20.
b3 Nc8 21. Bb2 Ne7 22. Nh6+ gxh6 23. Rxf6 N7g6 24. Bxe5 dxe5 25. Qf2 Kg7 26.
Rf3 Qd6 27. Ne3 Ne7 28. Rg3+ Kh8 29. Nf5 Nxf5 30. Qxf5 b5 31. cxb5 axb5 32. Rf1
Rb6 33. Qxf7 Rxf7 34. Rxf7 c4 35. Rgg7 Qg6 36. Rxg6 hxg6 37. bxc4 bxc4 38. Rc7
Rb4 39. d6 Rb1+ 40. Kf2 Rd1 41. d7 Rd2+ 42. Ke3 c3 43. Rc8+ Kg7 44. d8=Q Rxd8
45. Rxd8 c2 46. Kd2 1-0

[Event "Kalamazoo (MI Am/5/9)"]
[Site "?"]
[Date "1997.??.??"]
[Round "?"]
[White "Saenz, Scott"]
[Black "Beckwith, Stan"]
[Result "1/2-1/2"]
[WhiteElo "1605"]
[BlackElo "1905"]
[PlyCount "112"]
[EventDate "1997.??.??"]

{5/(9)} 1. d4 Nf6 2. c4 g6 3. Nc3 d5 4. Bf4 Bg7 5. e3 O-O 6. cxd5 Nxd5 7. Nxd5
Qxd5 8. Bxc7 Nc6 9. Nf3 Bg4 10. Be2 Rac8 11. Bg3 Nb4 12. O-O Rfe8 13. Ne5 Bxe2
14. Qxe2 Rc2 15. Qd1 Rxb2 16. Qa4 Rc8 17. Rfc1 Nc6 18. Nxc6 Rxc6 19. Qxa7 Bf6
20. Qa4 Rxc1+ 21. Rxc1 Qxa2 22. Qxa2 Rxa2 23. Rb1 e5 24. Bxe5 Bxe5 25. dxe5 b5
26. f4 Ra5 27. Kf2 Kf8 28. Kf3 Ke7 29. Ke4 Ke6 30. g4 Ra4+ 31. Kd3 Ra3+ 32. Kd4
Ra4+ 33. Kc5 Rc4+ 34. Kxb5 Rc3 35. Rd1 Rxe3 36. Rd6+ Ke7 37. Rf6 Rh3 38. Ra6
Rxh2 39. f5 gxf5 40. gxf5 Rh5 41. f6+ Ke8 42. Ra8+ Kd7 43. Ra7+ Ke6 44. Re7+
Kf5 45. Kc6 Rh1 46. Kd7 Ra1 47. Ke8 Kg6 48. e6 Ra8+ 49. Kd7 Ra7+ 50. Ke8 Ra8+
51. Kd7 fxe6 52. Kxe6 Ra6+ 53. Ke5 Ra1 54. Rg7+ Kh6 55. Rg2 Rf1 56. Ke6 Kh5 {
[Remainder illegible]} 1/2-1/2

[Event "Kalamazoo (MI Am/4/26)"]
[Site "?"]
[Date "1997.??.??"]
[Round "?"]
[White "Ryskamp, John"]
[Black "Munger, T."]
[Result "1-0"]
[WhiteElo "1605"]
[BlackElo "1605"]
[PlyCount "91"]
[EventDate "1997.??.??"]

{4/(26)} 1. e4 e5 2. Nf3 Nf6 3. Nxe5 Nxe4 4. Qe2 d5 5. d3 Nf6 6. Nc6+ Qe7 7.
Nxe7 Bxe7 8. Bg5 Be6 9. Bxf6 Bxf6 10. Nc3 O-O 11. Qf3 Nd7 12. Be2 c6 13. O-O
Ne5 14. Qe3 Ng6 15. Bf3 d4 16. Qd2 dxc3 17. bxc3 h6 18. a4 Rfe8 19. Rab1 Bg5
20. Qd1 Re7 21. Bg4 b6 22. Bxe6 Rxe6 23. Re1 Rae8 24. Rxe6 Rxe6 25. g3 c5 26.
f4 Bxf4 27. gxf4 Nxf4 28. Qf3 Ne2+ 29. Kh1 Nxc3 30. Rf1 Rf6 31. Qa8+ Kh7 32.
Rxf6 gxf6 33. Qxa7 f5 34. Qxf7+ Kh8 35. Qf6+ Kg8 36. Qxc3 f4 37. Qf6 h5 38.
Qxf4 h4 39. Qxh4 Kf7 40. Qd8 c4 41. Qxb6 c3 42. a5 Ke7 43. a6 Kd7 44. a7 Kc8
45. a8=Q+ Kd7 46. Qad8# 1-0

[Event "Kalamazoo (MI Am/2/29)"]
[Site "?"]
[Date "1997.??.??"]
[Round "?"]
[White "Ryskamp, John"]
[Black "Lueer, Michael"]
[Result "1-0"]
[WhiteElo "1605"]
[BlackElo "1605"]
[PlyCount "83"]
[EventDate "1997.??.??"]

{2/(29)} 1. e4 d5 2. exd5 Nf6 3. Nf3 Bg4 4. Be2 Nxd5 5. d4 Nc6 6. c3 e6 7. O-O
Bd6 8. Ng5 h6 9. Ne4 f5 10. Nxd6+ Qxd6 11. Bxg4 fxg4 12. Qxg4 g5 13. Re1 e5 14.
Nd2 Nf6 15. dxe5 Nxe5 16. Qf5 Qd7 17. Qxf6 Rh7 18. Rxe5+ Re7 19. Rxe7+ Qxe7 20.
Qxe7+ Kxe7 21. Nf3 Rd8 22. Be3 b6 23. Re1 Kf7 24. Ne5+ Ke6 25. Nc6 Ra8 26. Bd4+
Kd5 27. Nb4+ Kc4 28. b3+ Kb5 29. a4+ Ka5 30. Nc6+ Ka6 31. g4 Rf8 32. Bg7 Rf3
33. Re3 Rxe3 34. fxe3 Kb7 35. Nd4 c5 36. Nf5 Kc6 37. Bxh6 b5 38. axb5+ Kxb5 39.
Bxg5 c4 40. bxc4+ Kxc4 41. Bf6 a5 42. g5 1-0

[Event "Lansing (MOR/6/7)"]
[Site "?"]
[Date "1997.??.??"]
[Round "?"]
[White "Ryskamp, John"]
[Black "Grzegorczyk, Ron"]
[Result "1/2-1/2"]
[WhiteElo "1605"]
[BlackElo "1610"]
[PlyCount "56"]
[EventDate "1997.??.??"]

{6/(7)} 1. e4 c5 2. d4 cxd4 3. c3 e5 4. cxd4 Bb4+ 5. Bd2 Bxd2+ 6. Qxd2 exd4 7.
Qxd4 Nf6 8. Qe5+ Qe7 9. Qxe7+ Kxe7 10. Nc3 Nc6 11. Nf3 d6 12. Rc1 Be6 13. Bd3
Rhd8 14. O-O Ne5 15. Nxe5 dxe5 16. Bb1 a6 17. Rfd1 b5 18. a3 Rac8 19. Rxd8 Rxd8
20. Rd1 Rxd1+ 21. Nxd1 Kd6 22. b4 Bc4 23. Ne3 Be6 24. Bd3 Nd7 25. Kf1 Nb8 26.
Ke2 Nc6 27. Nc2 g6 28. f3 f6 1/2-1/2

[Event "Lansing (MOR/4/19)"]
[Site "?"]
[Date "1997.??.??"]
[Round "?"]
[White "Ryskamp, John"]
[Black "Eck, J."]
[Result "1-0"]
[WhiteElo "1605"]
[BlackElo "1605"]
[PlyCount "145"]
[EventDate "1997.??.??"]

{4/(19)} 1. e4 e5 2. Nf3 Nc6 3. Bb5 d6 4. d4 exd4 5. Nxd4 Bd7 6. Bc4 Nf6 7. Nc3
Ne5 8. Bb3 c5 9. Nf3 Nxf3+ 10. Qxf3 Be7 11. O-O O-O 12. h3 Bc6 13. Rd1 Qc7 14.
Qd3 Rad8 15. a4 Rfe8 16. Nd5 Bxd5 17. Bxd5 Nxd5 18. Qxd5 Bf6 19. c3 Re5 20. Qc4
Qc6 21. Rd5 a6 22. Bf4 Rxd5 23. exd5 Qd7 24. a5 Re8 25. b4 cxb4 26. Qxb4 Rd8
27. Rb1 Qf5 28. Be3 Bxc3 29. Qxb7 Bxa5 30. Ra1 Bc3 31. Rxa6 h6 32. Rxd6 Re8 33.
Rd7 Be5 34. d6 Bf4 35. Re7 Bxd6 36. Rxe8+ Kh7 37. Rd8 Qd3 38. Rxd6 Qxd6 39. Kh1
Qd1+ 40. Kh2 Qd6+ 41. g3 Qf6 42. Qe4+ g6 43. Qf4 Qg7 44. Bd4 Qg8 45. h4 h5 46.
f3 Qe8 47. Qe5 Qxe5 48. Bxe5 f5 49. g4 fxg4 50. fxg4 g5 51. hxg5 hxg4 52. Kg3
Kg6 53. Kxg4 Kf7 54. Kh5 Kg8 55. Kg6 Kf8 56. Kh7 Kf7 57. g6+ Ke6 58. Bb2 Kf5
59. g7 Kg5 60. g8=Q+ Kh5 61. Qd5+ Kg4 62. Qe5 Kf3 63. Kg6 Kf2 64. Kf5 Kg2 65.
Qe3 Kf1 66. Kf4 Kg2 67. Qf3+ Kh2 68. Qg3+ Kh1 69. Qf3+ Kh2 70. Kg4 Kg1 71. Bd4+
Kh2 72. Qg3+ Kh1 73. Qg1# 1-0

[Event "Tecumseh (RVO/2/7)"]
[Site "?"]
[Date "1997.??.??"]
[Round "?"]
[White "Ryan, Mark"]
[Black "Henderson, H."]
[Result "0-1"]
[WhiteElo "1605"]
[BlackElo "1840"]
[PlyCount "58"]
[EventDate "1997.??.??"]

{2/(7)} 1. e4 c5 2. d4 cxd4 3. Nf3 Nf6 4. Qxd4 Nc6 5. Qd1 d6 6. Bc4 Bd7 7. Nc3
g6 8. Be3 Bg7 9. Qd2 h6 10. h3 Rc8 11. Bb3 Na5 12. Ba4 Nc4 13. Bxd7+ Qxd7 14.
Qc1 Nxe3 15. Qxe3 Qc6 16. Nd4 Qc4 17. O-O-O Nd7 18. f4 h5 19. g4 a6 20. gxh5
Rxh5 21. f5 Bh6 22. Qxh6 Rxh6 23. fxg6 Rxg6 24. h4 b5 25. h5 Rh6 26. Nf5 b4 27.
Ne3 Qc5 28. Nf5 bxc3 29. Ng7+ Kf8 0-1

[Event "Tecumseh (RVO/4/18)"]
[Site "?"]
[Date "1997.??.??"]
[Round "?"]
[White "Ryan, Mark"]
[Black "Funderburg, James"]
[Result "1-0"]
[WhiteElo "1605"]
[BlackElo "1605"]
[PlyCount "87"]
[EventDate "1997.??.??"]

{4/(18)} 1. e4 e5 2. Nf3 Nc6 3. c3 Nf6 4. d3 Bc5 5. Be3 Bxe3 6. fxe3 O-O 7. Be2
d6 8. O-O Ng4 9. Qd2 Ne7 10. Na3 h5 11. Nc2 Ng6 12. d4 h4 13. Rad1 h3 14. g3
Qe7 15. Nb4 c6 16. d5 c5 17. Nc2 Nf6 18. Qd3 Qc7 19. b3 Ne7 20. Ng5 Bd7 21. Na3
Ng6 22. Nb5 Qd8 23. Nxd6 Nxd5 24. Ndxf7 Qe7 25. exd5 e4 26. Qd2 Be8 27. d6 Qd7
28. Bc4 Bxf7 29. Nxf7 Kh7 30. Qe2 Nf4 31. Rxf4 g6 32. Qf2 Kg7 33. g4 b5 34. Qh4
Rxf7 35. Rxf7+ Qxf7 36. Bxf7 Kxf7 37. d7 Ke6 38. d8=Q Rxd8 39. Rxd8 c4 40. Qg5
cxb3 41. Qd5+ Ke7 42. Qd6+ Kf7 43. Rd7+ Kg8 44. Qb8# 1-0

[Event "Lansing (MOR/2/18)"]
[Site "?"]
[Date "1997.??.??"]
[Round "?"]
[White "Roth, Bruce"]
[Black "Kane, Paul"]
[Result "0-1"]
[WhiteElo "1605"]
[BlackElo "1635"]
[PlyCount "124"]
[EventDate "1997.??.??"]

{2/(18)} 1. e4 c5 2. c3 Nf6 3. e5 Nd5 4. d4 e6 5. Nf3 cxd4 6. cxd4 Nc6 7. a3 d6
8. Nc3 dxe5 9. dxe5 Be7 10. Nxd5 exd5 11. Bb5 a6 12. Ba4 b5 13. Bb3 Be6 14. O-O
O-O 15. Qd3 Qd7 16. Re1 Rfd8 17. Ng5 g6 18. Nxe6 fxe6 19. Bf4 Rf8 20. Bg3 Rf7
21. Kh1 Raf8 22. Rac1 Bd8 23. Ba2 Bb6 24. f3 Ne7 25. Rc2 Nf5 26. Bf2 Bxf2 27.
Rxf2 Rc8 28. g3 Qa7 29. Rd2 Rfc7 30. f4 Rc1 31. Rxc1 Rxc1+ 32. Kg2 Rg1+ 33. Kh3
h5 34. Rg2 Rc1 35. g4 hxg4+ 36. Rxg4 Qh7+ 37. Kg2 Rd1 38. Qe2 Rc1 39. Bb3 Kf7
40. Qd2 Rc8 41. Kf1 Qh3+ 42. Rg2 Ne3+ 43. Kg1 Qxg2+ 44. Qxg2 Rc1+ 45. Kf2 Nxg2
46. Kxg2 Rb1 47. Kg3 Rxb2 48. Bd1 a5 49. h4 b4 50. a4 Rd2 51. Bg4 b3 52. h5
gxh5 53. Bxh5+ Ke7 54. Bg6 b2 55. Kf3 Rd4 56. Ke3 Rxa4 57. Kd2 Rc4 58. f5 exf5
59. Bxf5 Rc1 60. Bd3 b1=Q 61. Bxb1 Rxb1 62. Kc2 Rb8 0-1

[Event "Lansing (MOR/4/17)"]
[Site "?"]
[Date "1997.??.??"]
[Round "?"]
[White "Roth, Bruce"]
[Black "Hayes, P."]
[Result "0-1"]
[WhiteElo "1605"]
[BlackElo "1610"]
[PlyCount "100"]
[EventDate "1997.??.??"]

{4/(17)} 1. e4 e5 2. Nf3 Nc6 3. Nc3 d6 4. h3 Nf6 5. Bc4 h6 6. O-O Be7 7. Re1
O-O 8. d4 exd4 9. Nxd4 Ne5 10. Bb3 c6 11. Nf3 Ng6 12. Qd3 Qc7 13. Ne2 Re8 14.
c4 Be6 15. Ned4 Bd7 16. Bd2 a6 17. Rac1 c5 18. Ne2 Bc6 19. Ng3 Nd7 20. Bc2 Nde5
21. Nxe5 Nxe5 22. Qe2 b5 23. b3 b4 24. Rcd1 Qa5 25. Bb1 Bd7 26. Bf4 Bf8 27.
Bxe5 Rxe5 28. f4 Re7 29. Qd3 Re6 30. e5 g6 31. exd6 Rxd6 32. Qc2 Qb6 33. f5 Re8
34. Rxe8 Bxe8 35. Re1 Bd7 36. h4 Rf6 37. fxg6 fxg6 38. h5 Qd6 39. Ne4 Qd4+ 40.
Kh1 Rf5 41. g4 Rf3 42. Qg2 Rf4 43. hxg6 Rxg4 44. Nf6+ Qxf6 45. Qd5+ Kh8 46. Qe5
Bc6+ 47. Kh2 Bd6 48. Kh3 Bxe5 49. Kxg4 Qf4+ 50. Kh3 Qg3# 0-1

[Event "Lansing (MOR/7/13)"]
[Site "?"]
[Date "1997.??.??"]
[Round "?"]
[White "Roth, Bruce"]
[Black "Grzegorczyk, Ron"]
[Result "1/2-1/2"]
[WhiteElo "1605"]
[BlackElo "1610"]
[PlyCount "130"]
[EventDate "1997.??.??"]

{7/(13)} 1. e4 c5 2. c3 Nc6 3. d4 cxd4 4. cxd4 Nf6 5. e5 Nd5 6. Nf3 e6 7. a3
Be7 8. Be2 d6 9. O-O O-O 10. Nc3 dxe5 11. dxe5 Nxc3 12. bxc3 Qa5 13. Bb2 Nxe5
14. c4 Bf6 15. Nxe5 Bxe5 16. Bxe5 Qxe5 17. Bf3 Rb8 18. Rb1 b6 19. Qa4 Qc7 20.
Rb2 Bd7 21. Qc2 Bc6 22. Be2 g6 23. Rfb1 Rbd8 24. c5 Qe5 25. f3 Qxc5+ 26. Qxc5
bxc5 27. Rc1 Rd5 28. Rbc2 Rfd8 29. Rxc5 Rd2 30. Rxc6 Rxe2 31. Rc8 Red2 32. R1c7
Rxc8 33. Rxc8+ Kg7 34. Rc7 a5 35. Rc5 Rd5 36. Rc3 h5 37. g3 g5 38. Kf1 f5 39.
Ke2 Kf6 40. f4 g4 41. Rd3 Rb5 42. Rd2 e5 43. Rd6+ Ke7 44. Ra6 e4 45. a4 Rb2+
46. Ke3 Rxh2 47. Rxa5 Ra2 48. Rxf5 Rxa4 49. Rxh5 Ra3+ 50. Kxe4 Rxg3 51. Rh6 Rb3
52. Kf5 g3 53. Rg6 Kf7 54. Rg4 Rb5+ 55. Ke4 Rb4+ 56. Kf3 Rb3+ 57. Kg2 Rb2+ 58.
Kxg3 Kf6 59. Rg5 Rb1 60. Kf2 Rb3 61. Ke2 Ra3 62. Rc5 Ra2+ 63. Kf3 Ra1 64. Kg3
Rg1+ 65. Kf2 Rb1 1/2-1/2

[Event "Lansing (MOR/5/7)"]
[Site "?"]
[Date "1997.??.??"]
[Round "?"]
[White "Rotberg, Victor"]
[Black "Wyatt, David"]
[Result "1-0"]
[WhiteElo "1710"]
[BlackElo "1605"]
[PlyCount "121"]
[EventDate "1997.??.??"]

{5/(7)} 1. e4 c5 2. Nf3 Nc6 3. d4 cxd4 4. Nxd4 g6 5. c4 Nf6 6. Nc3 d6 7. Be2
Nxd4 8. Qxd4 Bg7 9. O-O O-O 10. Bg5 Be6 11. Qd2 a6 12. Rad1 Qa5 13. f3 Rfe8 14.
Nd5 Qxd2 15. Rxd2 Nxd5 16. exd5 Bd7 17. Bf4 Rac8 18. Bd3 b5 19. b3 h6 20. Be2
bxc4 21. bxc4 g5 22. Bg3 Bc3 23. Rc2 Bd4+ 24. Bf2 Bxf2+ 25. Kxf2 Bf5 26. Rc3
Rb8 27. g4 Bg6 28. Rb3 Kg7 29. Re1 Kf6 30. Kg3 Rxb3 31. axb3 Rb8 32. Bd1 e5 33.
Re2 Ke7 34. Ra2 Rb6 35. Ra5 Kd7 36. Kf2 f6 37. Ke3 Kc7 38. Kd2 Kb7 39. Kc3 Ka7
40. b4 Kb7 41. Ba4 Ka7 42. c5 dxc5 43. Rxc5 e4 44. fxe4 Bxe4 45. Kc4 Rd6 46.
Bc6 Bf3 47. Ra5 Kb6 48. Ra3 Bxg4 49. Re3 h5 50. Re7 Bc8 51. Re8 Kc7 52. Kc5 Bd7
53. Re7 f5 54. Bxd7 Rxd7 55. d6+ Kd8 56. Re5 Rf7 57. Kc6 g4 58. Ra5 Rf6 59.
Rxa6 Ke8 60. Kd5 f4 61. d7+ 1-0

[Event "Lansing (MOR/7/3)"]
[Site "?"]
[Date "1997.??.??"]
[Round "?"]
[White "Rotberg, Victor"]
[Black "McGrath, Michael"]
[Result "0-1"]
[WhiteElo "1710"]
[BlackElo "1700"]
[PlyCount "138"]
[EventDate "1997.??.??"]

{7/(3)} 1. e4 d5 2. exd5 Qxd5 3. Nc3 Qa5 4. d4 c6 5. Bd3 Nf6 6. h3 e6 7. Nf3
Nbd7 8. O-O Be7 9. Bf4 O-O 10. Re1 Nd5 11. Nxd5 cxd5 12. c3 Qd8 13. Qc2 Nf6 14.
Bg5 h6 15. Bf4 b6 16. Qd2 Bb7 17. Ne5 Ne4 18. Qe3 Bg5 19. Bxg5 Qxg5 20. Qxg5
Nxg5 21. h4 Ne4 22. f3 Nd6 23. g4 Rfe8 24. Kf2 g6 25. Nd7 Kg7 26. Re2 Rad8 27.
Ne5 g5 28. h5 Rc8 29. Rae1 Rc7 30. Kg3 a5 31. a4 Rec8 32. Nxf7 Kxf7 33. Rxe6
Ne4+ 34. Bxe4 Kxe6 35. Bf5+ Kf7 36. Re6 Rc6 37. Re5 Rd8 38. Bg6+ Kg8 39. Rf5
Rf8 40. Re5 Rcf6 41. Re3 Bc8 42. b3 Re6 43. Kf2 Rxe3 44. Kxe3 Rf6 45. c4 Be6
46. Bd3 Kf8 47. Be2 Ke7 48. Bd3 Kd6 49. Be2 Rf8 50. Bd3 dxc4 51. bxc4 Rc8 52.
d5 Bd7 53. f4 Bxa4 54. fxg5 hxg5 55. h6 Bd1 56. Bf5 Rf8 57. Kd2 Bb3 58. Kc3 a4
59. h7 Kc5 60. Bd3 Bd1 61. d6 Bxg4 62. Bc2 Bd7 63. Bg6 g4 64. Bf7 g3 65. Bg8 g2
66. h8=Q Rf3+ 67. Kd2 g1=Q 68. Qe5+ Kb4 69. Bh7 Qg2+ 0-1

[Event "Lansing (MOR/3/18)"]
[Site "?"]
[Date "1997.??.??"]
[Round "?"]
[White "Rotberg, Victor"]
[Black "Crysler, Jerry"]
[Result "1-0"]
[WhiteElo "1710"]
[BlackElo "1605"]
[PlyCount "59"]
[EventDate "1997.??.??"]

{3/(18)} 1. e4 c5 2. Nf3 d6 3. d4 cxd4 4. Nxd4 e6 5. c4 Be7 6. Nc3 a6 7. Be2
Bf6 8. Be3 Ne7 9. O-O O-O 10. Qd2 Ng6 11. Rad1 Qe7 12. f4 Nd7 13. Nf3 Bxc3 14.
Qxc3 Nc5 15. Qc2 Qc7 16. f5 Nxe4 17. fxg6 Nf6 18. gxf7+ Rxf7 19. Ng5 Re7 20.
Bd3 h6 21. Nh7 Qd8 22. Nxf6+ gxf6 23. Rxf6 Rg7 24. Rdf1 Bd7 25. Bxh6 Qe7 26.
Bxg7 Kxg7 27. Rg6+ Kh8 28. Qd2 Bc6 29. Qh6+ Qh7 30. Rg8+ 1-0

[Event "Lansing (MOR/1b/3)"]
[Site "?"]
[Date "1997.??.??"]
[Round "?"]
[White "Rotberg, Victor"]
[Black "Aguilar, Javier"]
[Result "1-0"]
[WhiteElo "1710"]
[BlackElo "1605"]
[PlyCount "109"]
[EventDate "1997.??.??"]

1. e4 c5 2. Nf3 d6 3. d4 cxd4 4. Nxd4 Nf6 5. Nc3 g6 6. Be2 Bg7 7. Be3 O-O 8. f3
Nc6 9. Qd2 d5 10. O-O-O dxe4 11. fxe4 Ng4 12. Bxg4 Bxg4 13. Nxc6 Qxd2+ 14. Rxd2
bxc6 15. Na4 Be6 16. b3 Rfd8 17. Rhd1 Rxd2 18. Rxd2 Rc8 19. h3 f5 20. Nc5 Bf7
21. Rd7 fxe4 22. Nxe4 Bd5 23. Rxe7 Rf8 24. Nc5 Rf1+ 25. Kd2 Bxg2 26. Ne6 Bf8
27. Nxf8 Rxf8 28. h4 a6 29. Bd4 Rf7 30. Re2 Bd5 31. c4 Bf3 32. Re3 h5 33. Re6
g5 34. hxg5 h4 35. Rh6 Rh7 36. Rg6+ Kf7 37. Rf6+ Ke7 38. Rxf3 h3 39. Rf1 h2 40.
Rh1 Rh4 41. Be5 Kf7 42. Rxh2 Rg4 43. Bf6 Kg6 44. Ke3 Kf5 45. Rf2+ Kg6 46. Rd2
Kh5 47. Kf3 Rg1 48. Rg2 Rf1+ 49. Ke4 Re1+ 50. Kf5 Rf1+ 51. Ke6 Rf3 52. g6 Re3+
53. Kf7 Rd3 54. g7 Rd7+ 55. Be7 1-0

[Event "Lansing (MI Op/3/10)"]
[Site "?"]
[Date "1997.??.??"]
[Round "?"]
[White "Rosenberg, Steve"]
[Black "Zaremba, Andrei"]
[Result "0-1"]
[WhiteElo "1925"]
[BlackElo "2255"]
[PlyCount "107"]
[EventDate "1997.??.??"]

{3/(10)} 1. Nf3 Nf6 2. d3 d5 3. g3 c5 4. Bg2 Nc6 5. O-O e6 6. Bg5 Be7 7. Nbd2
h6 8. Bxf6 Bxf6 9. c3 O-O 10. e4 b6 11. Ne1 Bb7 12. f4 dxe4 13. dxe4 e5 14. f5
Bg5 15. Nef3 Bxd2 16. Qxd2 Qxd2 17. Nxd2 Rad8 18. Rad1 Rd7 19. Bf3 Rfd8 20. Nb3
c4 21. Nc1 Na5 22. Rxd7 Rxd7 23. Rf2 Bc6 24. Kf1 Bxe4 25. Bxe4 Rd1+ 26. Kg2
Rxc1 27. Rd2 Kf8 28. Rd8+ Ke7 29. Ra8 Rd1 30. Rxa7+ Kf6 31. Kf3 Rd2 32. b3 cxb3
33. axb3 Nxb3 34. Ra6 Rd6 35. g4 Nd2+ 36. Ke3 Nf1+ 37. Ke2 Nxh2 38. c4 Kg5 39.
c5 Rd4 40. c6 Rxe4+ 41. Kd3 Rd4+ 42. Kc3 b5 43. Kb3 Rc4 44. Ra7 Rxc6 45. Rxf7
Nxg4 46. Rxg7+ Kxf5 47. Kb4 e4 48. Kxb5 Re6 49. Kc4 e3 50. Kd3 e2 51. Rf7+ Nf6
52. Kc2 Kg6 53. Rf8 e1=Q 54. Rc8 {[Remainder illegible]} 0-1

[Event "Lansing (MI Op/4/16)"]
[Site "?"]
[Date "1997.??.??"]
[Round "?"]
[White "Rosenberg, Steve"]
[Black "Walker, Douglas"]
[Result "1/2-1/2"]
[WhiteElo "1920"]
[BlackElo "1980"]
[PlyCount "91"]
[EventDate "1997.??.??"]

{4/(16)} 1. Nf3 Nf6 2. d3 d5 3. g3 g6 4. Bg2 Bg7 5. O-O O-O 6. Nbd2 Nbd7 7. Re1
Nc5 8. Rb1 c6 9. b4 Na4 10. Bb2 Nxb2 11. Rxb2 Ne4 12. d4 Nc3 13. Qc1 Bh6 14. e3
f5 15. Ne5 Ne4 16. f3 Ng5 17. f4 Ne4 18. Nxe4 fxe4 19. c4 Be6 20. c5 Bg7 21.
Rf1 Bxe5 22. fxe5 Qd7 23. a4 Rxf1+ 24. Qxf1 Bf5 25. Qe2 Rf8 26. Qe1 Bg4 27. Rf2
Bf3 28. h3 h5 29. Qf1 Qf5 30. Kh2 g5 31. Kg1 g4 32. h4 Qd7 33. Qc1 Kh7 34. Kh2
Qc7 35. Qc3 e6 36. Kg1 Kg6 37. Bf1 Rf5 38. Qd2 b6 39. Ba6 bxc5 40. bxc5 Rf8 41.
Qc3 Rb8 42. Rf1 Qd8 43. Rc1 Qf8 44. Rf1 Qh6 45. Rc1 Rb4 46. Ra1 1/2-1/2

[Event "Lansing (MI Op/1a/4)"]
[Site "?"]
[Date "1997.??.??"]
[Round "?"]
[White "Rosenberg, Steve"]
[Black "Calton, Bill"]
[Result "0-1"]
[WhiteElo "1925"]
[BlackElo "2210"]
[PlyCount "110"]
[EventDate "1997.??.??"]

1. Nf3 d5 2. d3 Nf6 3. g3 Bg4 4. Bg2 e6 5. Nc3 c5 6. Bg5 Nc6 7. e4 Be7 8. Qc1
O-O 9. O-O Rc8 10. Re1 d4 11. Ne2 e5 12. h3 Be6 13. Rf1 c4 14. Qd1 Nd7 15. Bxe7
Qxe7 16. Nh4 Nc5 17. a3 Qd7 18. Kh2 g5 19. Nf3 f6 20. Ne1 Qd6 21. f4 gxf4 22.
gxf4 f5 23. fxe5 Qxe5+ 24. Kh1 fxe4 25. dxe4 Nxe4 26. Nf3 Qg7 27. Kh2 Rcd8 28.
Qe1 Bd5 29. Rd1 Ng5 30. Nxg5 Qxg5 31. Rg1 Qe5+ 32. Qg3+ Qxg3+ 33. Kxg3 Rd6 34.
Bxd5+ Rxd5 35. Kh4+ Kh8 36. Rg4 Ne5 37. Re4 Rg8 38. Nxd4 Nf3+ 39. Nxf3 Rxd1 40.
Rxc4 Rd6 41. Rg4 Rxg4+ 42. hxg4 Kg7 43. Ne5 Rd2 44. b4 Rxc2 45. a4 Rb2 46. Nd3
Rb3 47. Nc5 Rxb4 48. Kg5 b6 49. Ne6+ Kf7 50. Nf4 Rxa4 51. Nd5 Ra5 52. Kh6 Rxd5
53. g5 a5 54. g6+ hxg6 55. Kh7 Rh5# 0-1

[Event "Michigan Senior"]
[Site "Ann Arbor, MI"]
[Date "1997.??.??"]
[Round "3.14"]
[White "Rosebrook, G."]
[Black "Serwatowski, Felix"]
[Result "0-1"]
[WhiteElo "1605"]
[BlackElo "1605"]
[PlyCount "56"]
[EventDate "1997.??.??"]

{3/(14)} 1. e4 e5 2. Nf3 Nc6 3. Nc3 Nf6 4. d3 Bb4 5. Bd2 O-O 6. Be2 d5 7. a3
Bxc3 8. bxc3 dxe4 9. dxe4 Nxe4 10. Bd3 Nf6 11. O-O e4 12. Bxe4 Nxe4 13. Qe2
Nxd2 14. Nxd2 Bf5 15. Nf3 Re8 16. Qd1 Qxd1 17. Raxd1 Bxc2 18. Rd7 Rac8 19. Ng5
Bg6 20. h4 Ne5 21. Rd4 h6 22. Nh3 Nc6 23. Rd2 Re4 24. g3 Rce8 25. h5 Bf5 26.
Nf4 Ne5 27. f3 Re3 28. Kf2 Rxf3+ 0-1

[Event "Lansing (MOR/1a/2)"]
[Site "?"]
[Date "1997.??.??"]
[Round "?"]
[White "Rosebrook, G."]
[Black "Nicolli, Randy"]
[Result "0-1"]
[WhiteElo "1605"]
[BlackElo "1785"]
[PlyCount "44"]
[EventDate "1997.??.??"]

1. e4 e5 2. Nf3 f5 3. Nc3 d6 4. Bc4 fxe4 5. Nxe5 Qg5 6. Bf7+ Kd8 7. Bxg8 Qxg2
8. Nf7+ Ke8 9. Rf1 Bg4 10. Ne2 Rxg8 11. Rg1 Qxg1+ 12. Nxg1 Bxd1 13. Kxd1 Kxf7
14. Nh3 Be7 15. Nf4 Nd7 16. d3 Nf6 17. h3 g5 18. Ne2 g4 19. h4 exd3 20. cxd3
Nd7 21. Ng3 Bxh4 22. Nf5 Bg5 0-1

[Event "Lansing (MOR/3/37)"]
[Site "?"]
[Date "1997.??.??"]
[Round "?"]
[White "Rosebrook, G."]
[Black "Mudri, Mark"]
[Result "0-1"]
[WhiteElo "1605"]
[BlackElo "1605"]
[PlyCount "134"]
[EventDate "1997.??.??"]

{3/(37)} 1. e4 c6 2. Nf3 d5 3. e5 Bf5 4. Nd4 Qd7 5. Qf3 Bg6 6. Be2 e6 7. Nc3
Bc5 8. Qf4 Bb6 9. Nf3 Ne7 10. d3 c5 11. a4 Ba5 12. Bd2 Nbc6 13. Nb5 Bxd2+ 14.
Nxd2 a6 15. Nd6+ Kd8 16. Nxf7+ Bxf7 17. Qxf7 Nf5 18. Qxd7+ Kxd7 19. Nf3 Nfd4
20. Bd1 Nxf3+ 21. Bxf3 Nxe5 22. Be2 Nc6 23. c3 d4 24. O-O b5 25. f4 g6 26. Rfe1
Rhf8 27. Bg4 Rae8 28. g3 h5 29. Bf3 e5 30. axb5 axb5 31. Ra6 Rf6 32. Rb6 dxc3
33. Rxb5 c2 34. Rxc5 Rb8 35. Rxc2 Nd4 36. Rf2 exf4 37. Bg2 Rb3 38. Bh3+ Kd6 39.
Bf1 g5 40. Ra1 Rf5 41. Ra6+ Ke5 42. Ra5+ Kf6 43. Ra4 fxg3 44. hxg3 Rxf2 45.
Kxf2 Rxb2+ 46. Ke3 Nf5+ 47. Kf3 g4+ 48. Ke4 Nxg3+ 49. Kd4 Nxf1 50. Kc3 Re2 51.
Rf4+ Kg5 52. Rxf1 g3 53. Rg1 Kg4 54. d4 g2 55. Kd3 Rf2 56. d5 Kf3 57. Re1 Re2
58. Ra1 Kf2 59. Rb1 h4 60. d6 Re1 61. d7 g1=Q 62. Rb2+ Kf3 63. d8=Q Rd1+ 64.
Rd2 Qe3+ 65. Kc2 Rxd2+ 66. Qxd2 Qxd2+ 67. Kxd2 Kg2 0-1

[Event "Michigan Senior"]
[Site "Ann Arbor, MI"]
[Date "1997.??.??"]
[Round "1.9"]
[White "Rosebrook, G."]
[Black "Meza, L."]
[Result "0-1"]
[WhiteElo "1605"]
[BlackElo "1775"]
[PlyCount "60"]
[EventDate "1997.??.??"]

{1/(9)} 1. e4 c5 2. Nf3 Nc6 3. Nc3 d6 4. h3 Nf6 5. d3 g6 6. Be2 Bg7 7. Be3 Be6
8. Qd2 a6 9. a3 b5 10. Bh6 Bxh6 11. Qxh6 b4 12. axb4 Nxb4 13. Kd2 Qb6 14. d4
cxd4 15. Nb5 Nxe4+ 16. Kc1 d3 17. Qe3 Qxe3+ 18. fxe3 Kd7 19. cxd3 Ng3 20. Re1
axb5 21. Kd2 Rhc8 22. Nd4 Bd5 23. e4 Bb7 24. Bg4+ e6 25. Rab1 h5 26. Bd1 Ba6
27. Bf3 e5 28. Nb3 Rc2+ 29. Ke3 f5 30. exf5 Nxf5+ 0-1